Surgery Without Knife : (Record no. 195278)

MARC details
000 -LEADER
fixed length control field 00737nam a22002057a 4500
005 - DATE AND TIME OF LATEST TRANSACTION
control field 20230316115600.0
010 ## - LCCN (DPL NO)
LC control number ENG-136443
020 ## - INTERNATIONAL STANDARD BOOK NUMBER
Terms of availability 1150.00
035 ## - SYSTEM CONTROL NUMBER
System control number EN-119975
037 ## - SOURCE OF ACQUISITION
Source of stock number/acquisition DBAD/PUB
082 ## - DEWEY DECIMAL CLASSIFICATION NUMBER
Classification number 615.532
100 ## - MAIN ENTRY--PERSONAL NAME
Personal name Baig.Mirza
245 ## - TITLE STATEMENT
Title Surgery Without Knife :
Statement of responsibility, etc By Thomson Jacob ;Giridhar Kinhal and B.Meenakumari
Remainder of title An Evidence Based Clinical Research /
250 ## - EDITION STATEMENT
Edition statement First
260 ## - PUBLICATION, DISTRIBUTION, ETC. (IMPRINT)
Name of publisher, distributor, etc Mafkhar Charitable Trust
Place of publication, distribution, etc Mumbai
Date of publication, distribution, etc 2011
270 ## - ADDRESS
Address 19= Rahat Manzil Off Turner Road Bandra West Near Bandra Lake
City Mumbai
Postal code 400050
Telephone number 26421718
Fax number 23723358
Electronic mail address homomafa@born7vsnl.net.in
300 ## - PHYSICAL DESCRIPTION
Extent xxvii227p.;
Dimensions 21cm(hbk)
Other physical details ill.
500 ## - GENERAL NOTE
General note The Homopathic Panch-karma
942 ## - ADDED ENTRY ELEMENTS (KOHA)
Source of classification or shelving scheme Dewey Decimal Classification
Item type English Books
Classification part 615.532
Call number suffix MIR
Holdings
Withdrawn status Lost status Not for loan Collection code Home library Current library Date acquired Source of acquisition Cost, normal purchase price Full call number Barcode Copy number Koha item type
      Non-fiction Katevara Katevara 16/03/2023 DBAD/PUB 1150.00 615.532 MIR EN-119975 1 English Books

© Delhi Public Library
Hit Counter
free hit counter